| 000 | nam a22 a 4500 | ||
|---|---|---|---|
| 999 |
_c192819 _d192819 |
||
| 003 | BLK | ||
| 005 | 20230224091612.0 | ||
| 008 | 180411b bul|||||r ||||||| ||bul|| | ||
| 010 | _aKNG00202027000 | ||
| 040 | _aBLK | ||
| 041 |
_aBUL _cBUL |
||
| 080 |
_aИстория на България _b94(497.2) _z94(497.2) |
||
| 080 |
_aИсторическа наука. Помощни исторически науки _b930 _x(4-15) _z930(4-15) |
||
| 080 |
_aЦивилизация. Култура. Прогрес. История на културата вж 930.85 _b008 _x(4-15)(091) _z008(4-15)(091) |
||
| 100 | 1 |
_aЗаимова, Рая Йорданова _eпърви автор _9371896 |
|
| 139 |
_aЗаимова, Рая Йорданова _bЗ 24 |
||
| 245 | 1 | 0 |
_aБългарската тема в западноевропейската книжнина XV-XVII век _cРая Йорданова Заимова. |
| 257 | _aBGR | ||
| 260 |
_aСофия _bУнив. изд. Св. Климент Охридски _c1992 |
||
| 300 |
_a227 с., 12 л. _bил., факс. _c20 см |
||
| 380 | _a9 | ||
| 500 | _aБиблиогр. с. 210-217 ; Рез на фр., англ. ез. | ||
| 650 | 4 |
_aБългария - историография _9338680 |
|
| 650 | 4 |
_aЗападноевропейска литература _9241633 |
|
| 650 | 4 |
_aКултура - България - история _9251094 |
|
| 650 | 4 |
_aЗападна Европа - култура _9284857 |
|
| 852 |
_aЦб 169137 _bЦб |
||
| 856 | 4 |
_qpdf _i0.00 _ldisable |
|
| 856 | 4 |
_qpdf _i0.00 _ldisable |
|
| 942 |
_cKNG _n0 _s1 |
||
| 944 |
_aCR _c01.03.2017 _kНора_Радева |
||
| 944 |
_aED _c01.03.2017 _kНора_Радева |
||
| 999 | _d192819 | ||